DSSSB TGT-PGT-PRT Previous Papers: (Record no. 215003)

MARC details
000 -LEADER
fixed length control field 00546nam a22001697a 4500
005 - DATE AND TIME OF LATEST TRANSACTION
control field 20260301160255.0
010 ## - LCCN (DPL NO)
LC control number BACEN26
020 ## - INTERNATIONAL STANDARD BOOK NUMBER
International Standard Book Number 9789390974627
Terms of availability 350.00
037 ## - SOURCE OF ACQUISITION
Source of stock number/acquisition Pancy Publisher
082 ## - DEWEY DECIMAL CLASSIFICATION NUMBER
Classification number 000
100 ## - MAIN ENTRY--PERSONAL NAME
Personal name Arya, Sanjeev
245 ## - TITLE STATEMENT
Title DSSSB TGT-PGT-PRT Previous Papers:
Remainder of title Common Paper Part-1st/
260 ## - PUBLICATION, DISTRIBUTION, ETC. (IMPRINT)
Place of publication, distribution, etc Delhi
Name of publisher, distributor, etc Sports Publication Publisher & Distributor
Date of publication, distribution, etc 2024
270 ## - ADDRESS
Address 7/26, Ground Floor, Ansari Road, Darya Ganj
City Delhi
Postal code 110002
300 ## - PHYSICAL DESCRIPTION
Extent 373p.
Dimensions 27cm(pb)
942 ## - ADDED ENTRY ELEMENTS (KOHA)
Source of classification or shelving scheme Dewey Decimal Classification
Item type English Books
Classification part 000
Call number suffix ARY

No items available.


© Delhi Public Library
Hit Counter
free hit counter